Vytváranie strategických aliancií so zahraničnými partnermi diplomová práca

Uložené v:
Podrobná bibliografia
Hlavný autor: Augustínová, Miroslava
Korporativný autor: Podnikovohospodárska fakulta EU so sídlom v Košiciach. Katedra manažmentu
Ďalší autori: Bruothová, Michaela, 1979-
Médium: Kniha
Jazyk:Slovak
Vydavateľské údaje: Košice 2010
Tagy: Pridať tag
Žiadne tagy, Buďte prvý, kto otaguje tento záznam!

MARC

LEADER 00000nam$a2200000$$$4500
001 0122313
005 20240318123823.7
041 0 |a slo 
044 |a SK 
245 1 0 |a Vytváranie strategických aliancií so zahraničnými partnermi  |b diplomová práca  |c Miroslava Augustínová ; škol. Michaela Bruothová 
264 1 |a Košice  |c 2010 
300 |a 78 s. 
100 1 |a Augustínová, Miroslava 
700 1 |a Bruothová, Michaela, 1979- 
710 2 |a Podnikovohospodárska fakulta EU so sídlom v Košiciach. Katedra manažmentu